00463nam a2200181 a 4500001001300000003000900013005001700022008004100039020001000080082001300090100001900103245002600122260003600148300000900184500003500193505003400228700001900262nice12345678IN_TiNIC20260116013823.0050524s1989 laha grp 000 0 eng  ac12500a940bSAE aSaeedul Haq, M aBastille to Hiroshima aLahorebShahid Book Depotc1989 a228p aincludes index and biblioraphy2 aAppendix, Bibliography, Index1 aSaeedul Haq, M